000 00348 a2200157 4500
001 61109
020 _a9783190018246
040 _cAnchieta - Pituba
100 _aKrenn, Wilfried
240 1 0 _aIdeen 2
_lpor
245 1 0 _aIdeen 2
300 _a143
362 0 _a2008
650 4 _aLínguas germânicas (teutônicas) língua alemã
942 _cBK
999 _c61109
_d61109